František Černý, Hana Kvapilová

Bibliographic Details
Main Author: Rampák, Zoltán, 1920-1998 (Author)
Format: Article
Language:Slovak

MARC

LEADER 00000nab a2200000uu 4500
001 vtls010914889
003 SK-MaSNL
005 20260303150751.0
008 230222|1961 xo |||||||||||||||||slo|
015 |a SNBRB 
035 |a (urnnbn)urn:nbn:sk:snk:ar-a09ct9 
035 |a (uuid)efb3556c-75b1-4442-acaf-a0c593fe66b1 
035 |a urn:nbn:sk:snk-ab93b0 
040 |a SNKBUCL  |b slo  |c SNKBUCL  |e AACR2 
041 0 |a slo 
044 |a xo  |c SK 
100 1 |a Rampák, Zoltán,  |d 1920-1998  |4 aut  |9 106868 
245 1 0 |a František Černý, Hana Kvapilová  |c Zoltán Rampák 
773 0 |t Slovenské divadlo : revue dramatických umení  |g Roč. 9, č. 2 (1961), s. 249-251 
954 |a odborná, vedecká literatúra pôvodná (slovenská)  |2 lita 
958 |a OND 
958 |a EUIPO 
958 |a article10 
999 |c 2013234  |d 2015164